[Event "4th Chessfestival Gredine 2018"]
[Site "Ortisei"]
[Date "2018.06.20"]
[Round "5.8"]
[White "Herzog, Adolf"]
[Black "Kumar, Nikhil"]
[Result "0-1"]
[WhiteElo "2344"]
[BlackElo "2286"]
[Annotator "NA"]
[PlyCount "56"]
[EventDate "2018.06.16"]
[EventType "swiss"]
[EventCountry "ITA"]
[SourceTitle "playchess.com"]
[Source "ChessBase"]
[SourceQuality "1"]
[TimeControl "40/5400+30:1800+30"]

1. d4 {[%emt 0:00:30]} Nf6 {[%emt 0:01:00]} 2. Nf3 {[%emt 0:00:00]} b6 {[%emt 0:00:00]} 3. Bf4 {[%emt 0:02:00]} Bb7 {[%emt 0:00:00]} 4. e3 {[%emt 0:00:30]} g6 {[%emt 0:00:30]} 5. Nbd2 {[%emt 0:00:30]} Bg7 {[%emt 0:00:30]} 6. c3 {[%emt 0:01:30]} d6 {[%emt 0:00:30]} 7. Bc4 {[%emt 0:00:30]} O-O {[%emt 0:01:30]} 8. O-O {[%emt 0:16:30]} Nbd7 {[%emt 0:01:30]} 9. Re1 {[%emt 0:03:30]} Re8 {[%emt 0:05:30]} 10. e4 {[%emt 0:10:30]} h6 {[%emt 0:12:30]} 11. e5 {[%emt 0:03:30]} Nd5 {[%emt 0:03:30]} 12. Bg3 {[%emt 0:03:30]} dxe5 {[%emt 0:05:30]} 13. Nxe5 {[%emt 0:01:30]} Nxe5 {[%emt 0:03:30]} 14. Bxe5 {[%emt 0:07:30]} Bxe5 {[%emt 0:01:30]} 15. Rxe5 {[%emt 0:01:30]} Nf6 {[%emt 0:02:30]} 16. Qe2 {[%emt 0:05:30]} e6 {[%emt 0:08:30]} 17. Bb5 {[%emt 0:04:30]} c6 {[%emt 0:01:30]} 18. Ba4 {[%emt 0:00:00]} Nd7 {[%emt 0:00:30]} 19. Re3 {[%emt 0:01:00]} Qe7 {[%emt 0:06:30]} 20. Re1 {[%emt 0:07:30]} Rad8 {[%emt 0:00:30]} 21. Nf3 {[%emt 0:03:30]} b5 {[%emt 0:07:30]} 22. Bb3 {[%emt 0:01:30]} Nf8 {[%emt 0:09:30]} 23. Ne5 {[%emt 0:07:05]} c5 {[%emt 0:01:30]} 24. d5 {[%emt 0:02:46]} c4 {[%emt 0:01:30]} 25. dxe6 {[%emt 0:01:07]} Nxe6 {[%emt 0:00:30]} 26. Bc2 {[%emt 0:02:22]} Qg5 {[%emt 0:05:30]} 27. Rg3 {[%emt 0:03:21]} Nf4 {[%emt 0:00:38]} 28. Qe3 {[%emt 0:01:17]} Qxe5 {[%emt 0:06:04]} 0-1

[Event "4th Chessfestival Gredine 2018"]
[Site "Ortisei"]
[Date "2018.06.20"]
[Round "5.9"]
[White "Lorscheid, Gerhard"]
[Black "Tan, Justin"]
[Result "1/2-1/2"]
[WhiteElo "2200"]
[BlackElo "2484"]
[Annotator "TA"]
[PlyCount "118"]
[EventDate "2018.06.16"]
[EventType "swiss"]
[EventCountry "ITA"]
[SourceTitle "playchess.com"]
[Source "ChessBase"]
[SourceQuality "1"]

{[%evp 16,118,0,0,0,-10,-2,-8,15,10,31,0,3,-8,0,-12,0,-78,-75,-78,-76,-89,-78,-87,-76,-91,-88,-84,-78,-119,-119,-119,-112,-123,-113,-116,-89,-97,-95,-123,-123,-123,-123,-123,-123,-123,-123,-123,-123,-123,-123,-123,-123,-123,-88,-102,-64,-52,-55,-60,93,93,93,93,93,93,66,52,77,45,77,0,4,0,7,0,0,0,0,0,0,0,0,0,0,0,0,0,0,0,0,0,0,0,0,0,0,0,0,0,0,0,0,0,0]} 1. d4 d5 2. c4 e6 3. cxd5 exd5 4. Nc3 c6 5. Bf4 Bd6 6. Bg3 Ne7 7. e3 {D31: Queen's Gambit Declined: Semi-Slav without ...Nf6 (+ Marshall Gambit and Noteboom) and Exchange Variation lines without ...Nf6} O-O (7... Nf5 8. Bxd6 Nxd6 9. Bd3 Bf5 10. Bxf5 Nxf5 11. Qg4 g6 12. e4 dxe4 13. Qxe4+ Ne7 14. h4 O-O {½-½ (43) Andreikin,D (2736)-Harikrishna,P (2766) Wijk aan Zee 2017}) 8. Bd3 Bf5 9. Nf3 {LiveBook: 5 Games} Re8 10. O-O Bxg3 11. hxg3 Qd6 $146 ({Predecessor:} 11... Nd7 12. b4 a6 13. a4 Nb6 14. Rb1 Nc4 15. b5 axb5 16. axb5 {0-1 (44) Gu,X (2369)-Shen,Y (2443) Ningbo 2011}) 12. Bxf5 Nxf5 13. Qd3 Qg6 14. Rfe1 Nd7 15. b4 Re6 16. Ne2 (16. b5 $11) 16... Nxg3 $1 $17 17. Qxg6 Nxe2+ 18. Rxe2 Rxg6 19. Rc2 a6 20. a4 Nb6 21. Ne5 Re6 22. a5 Nc8 23. g3 Nd6 24. Rcc1 f6 25. Nd3 g5 26. Kg2 Kg7 27. Ra2 h5 28. Rh1 Rh8 29. Nc5 Ree8 30. Raa1 Kg6 31. Rac1 Rh7 32. Nd3 Reh8 33. Nc5 Kf5 34. Rh2 h4 35. gxh4 gxh4 36. Rh3 Rg8+ 37. Kh2 Ne4 $2 (37... Rg4 $15 {keeps the upper hand.}) 38. Rf3+ $16 Kg6 {[#]} 39. Nxe4 $1 dxe4 {[%mdl 4096] Endgame [#] KRR-KRR} 40. Rg1+ $1 Kf7 {[#]} 41. Rxf6+ $1 {[%mdl 512]} Kxf6 42. Rxg8 $14 {KR-KR} Ke6 $1 43. Rg5 (43. Re8+ $16 Kd5 44. Kh3) 43... Rf7 {The position is equal.} 44. Kg2 Kd6 45. Rc5 {[#]} h3+ $1 {[%mdl 512]} 46. Kxh3 Rxf2 47. Kg4 Rf3 48. Rc3 Ke6 49. Kg5 Rf5+ 50. Kg4 Rf3 51. Kg5 Kf7 52. Kg4 Kf6 53. Rb3 Ke6 54. Rc3 Kd6 55. Kg5 Rf1 56. Kg4 Rf3 57. Kg5 Ke6 58. Kg4 Kd7 59. Kg5 Ke6 {Precision: White = 58%, Black = 58%.} 1/2-1/2

[Event "4th Chessfestival Gredine 2018"]
[Site "Ortisei"]
[Date "2018.06.20"]
[Round "5.10"]
[White "Landi, Alberto"]
[Black "Solomon, Kenny"]
[Result "1/2-1/2"]
[WhiteElo "2198"]
[BlackElo "2419"]
[Annotator "TA"]
[PlyCount "68"]
[EventDate "2018.06.16"]
[EventType "swiss"]
[EventCountry "ITA"]
[SourceTitle "playchess.com"]
[Source "ChessBase"]
[SourceQuality "1"]

{[%evp 24,68,29,25,42,38,41,39,58,53,78,18,49,3,14,0,57,21,37,-10,-10,-12,-12,-10,-28,-35,-41,-60,-39,-93,-53,-84,-72,-97,-70,-135,-96,-102,-79,-84,-77,-102,0,0,69,75,113]} 1. e4 e5 2. Nf3 Nc6 3. Bb5 a6 4. Ba4 Nf6 5. O-O Be7 6. Re1 b5 7. Bb3 d6 8. c3 O-O 9. h3 Nb8 10. d4 Nbd7 11. Nbd2 c5 12. Nf1 {C95: Closed Ruy Lopez: Breyer Variation with 10 d4} Bb7 (12... Re8 13. Ng3 Bf8 14. Nf5 exd4 15. cxd4 Bb7 16. e5 dxe5 17. dxe5 Bxf3 18. Qxf3 Nxe5 19. Rxe5 Rxe5 {½-½ (37) Navara,D (2737)-Ponomariov,R (2709) Czech Republic 2017}) 13. Ng3 {LiveBook: 4 Games} g6 14. Bh6 {White is slightly better.} Re8 $1 15. Qd2 c4 16. Bc2 Qc7 17. d5 ({Better is} 17. Nf5 $16) 17... Nc5 $146 ({Predecessor:} 17... Reb8 18. Rf1 a5 19. Ng5 Ba6 {1-0 (28) Podgursky,A (2472)-Ghysens,D (2426) ICCF email 2015}) 18. Rf1 a5 19. Ng5 b4 (19... Bf8 $11 20. Bxf8 Rxf8) 20. f4 b3 {[#] Strongly threatening ...exf4.} 21. axb3 cxb3 22. Bd1 Ba6 23. fxe5 dxe5 24. Be2 Bxe2 25. Qxe2 a4 26. Kh2 (26. d6 $1 $15 Qxd6 27. Qc4) 26... a3 27. Rxa3 Rxa3 28. bxa3 Rb8 29. Qc4 (29. Nf3 $1 $15) 29... Qd6 {[%mdl 1024] Black has strong compensation.} ({Much worse is} 29... b2 $6 30. Nxf7 Qc8 31. d6 $15 (31. Nxe5 Bd6 $15)) 30. Nf3 Nfd7 31. Be3 h5 32. Rb1 h4 (32... Qc7 $17 33. Nd2 b2) 33. Nf1 $11 f5 (33... b2 $11) 34. N1d2 $1 $14 b2 {Precision: White = 37%, Black = 46%.} 1/2-1/2

[Event "4th Chessfestival Gredine 2018"]
[Site "Ortisei"]
[Date "2018.06.20"]
[Round "5.11"]
[White "Uhl, Michael"]
[Black "Bertagnolli, Alexander"]
[Result "0-1"]
[WhiteElo "2116"]
[BlackElo "2398"]
[Annotator "NA"]
[PlyCount "77"]
[EventDate "2018.06.16"]
[EventType "swiss"]
[EventCountry "ITA"]
[SourceTitle "playchess.com"]
[Source "ChessBase"]
[SourceQuality "1"]
[TimeControl "40/5400+30:1800+30"]

1. e4 {[%emt 0:00:30]} c5 {[%emt 0:01:00]} 2. c3 {[%emt 0:00:00]} Nf6 {[%emt 0:00:00]} 3. e5 {[%emt 0:00:00]} Nd5 {[%emt 0:00:00]} 4. d4 {[%emt 0:00:30]} cxd4 {[%emt 0:00:30]} 5. Nf3 {[%emt 0:00:30]} e6 {[%emt 0:00:00]} 6. cxd4 {[%emt 0:00:00]} d6 {[%emt 0:01:00]} 7. a3 {[%emt 0:01:00]} Nd7 {[%emt 0:00:00]} 8. Bd3 {[%emt 0:01:30]} dxe5 {[%emt 0:00:00]} 9. dxe5 {[%emt 0:00:30]} g6 {[%emt 0:02:30]} 10. O-O {[%emt 0:01:30]} Bg7 {[%emt 0:00:00]} 11. Re1 {[%emt 0:02:30]} O-O {[%emt 0:01:00]} 12. Bd2 {[%emt 0:11:30]} Nc5 {[%emt 0:01:30]} 13. Bc2 {[%emt 0:03:30]} a5 {[%emt 0:07:30]} 14. Nc3 {[%emt 0:06:30]} b6 {[%emt 0:07:30]} 15. Bg5 {[%emt 0:24:30]} Qd7 {[%emt 0:09:30]} 16. Qd2 {[%emt 0:00:30]} Nxc3 {[%emt 0:05:30]} 17. Qxc3 {[%emt 0:00:30]} Bb7 {[%emt 0:00:30]} 18. Rad1 {[%emt 0:02:30]} Bd5 {[%emt 0:00:30]} 19. Bf6 {[%emt 0:16:30]} Rfc8 {[%emt 0:00:30]} 20. Qe3 {[%emt 0:07:01]} Bxf6 {[%emt 0:01:30]} 21. exf6 {[%emt 0:00:10]} Qd8 {[%emt 0:00:00]} 22. Qg5 {[%emt 0:02:43]} Nd7 {[%emt 0:00:00]} 23. Be4 {[%emt 0:06:44]} Nxf6 {[%emt 0:01:30]} 24. Bxd5 {[%emt 0:00:22]} Nxd5 {[%emt 0:00:00]} 25. Qe5 {[%emt 0:01:20]} Qf8 {[%emt 0:02:00]} 26. Qe4 {[%emt 0:01:50]} Ra7 {[%emt 0:01:30]} 27. h4 {[%emt 0:00:37]} Rac7 {[%emt 0:01:30]} 28. Ng5 {[%emt 0:01:06]} Rc4 {[%emt 0:01:30]} 29. Qe5 {[%emt 0:00:48]} Qg7 {[%emt 0:00:30]} 30. Qd6 {[%emt 0:00:58]} R4c6 {[%emt 0:00:30]} 31. Qd7 {[%emt 0:01:13]} Qf6 {[%emt 0:08:30]} 32. Rd3 {[%emt 0:03:17]} Rc1 {[%emt 0:06:30]} 33. Rdd1 {[%emt 0:00:09]} R1c2 {[%emt 0:00:30]} 34. f3 {[%emt 0:00:40]} Rd8 {[%emt 0:01:30]} 35. Qa4 {[%emt 0:01:12]} Qxb2 {[%emt 0:01:30]} 36. Qg4 {[%emt 0:00:27]} h5 {[%emt 0:03:30]} 37. Qg3 {[%emt 0:00:23]} Qf6 {[%emt 0:00:30]} 38. Nxe6 {[%emt 0:01:07]} fxe6 {[%emt 0:00:30]} 39. Rxe6 {[%emt 0:00:05]} 0-1

[Event "4th Chessfestival Gredine 2018"]
[Site "Ortisei"]
[Date "2018.06.20"]
[Round "5.12"]
[White "Hecht, Hans-Joachim"]
[Black "Podetti, Davide"]
[Result "1-0"]
[WhiteElo "2327"]
[BlackElo "2186"]
[Annotator "NA"]
[PlyCount "87"]
[EventDate "2018.06.16"]
[EventType "swiss"]
[EventCountry "ITA"]
[SourceTitle "playchess.com"]
[Source "ChessBase"]
[SourceQuality "1"]
[TimeControl "40/5400+30:1800+30"]

1. d4 {[%emt 0:00:30]} Nf6 {[%emt 0:01:00]} 2. c4 {[%emt 0:00:00]} e6 {[%emt 0:00:00]} 3. Nf3 {[%emt 0:00:00]} b6 {[%emt 0:00:00]} 4. a3 {[%emt 0:00:00]} Bb7 {[%emt 0:00:30]} 5. Nc3 {[%emt 0:00:00]} d5 {[%emt 0:01:30]} 6. Bg5 {[%emt 0:00:30]} Nbd7 {[%emt 0:09:30]} 7. e3 {[%emt 0:00:30]} Be7 {[%emt 0:04:30]} 8. cxd5 {[%emt 0:04:30]} Nxd5 {[%emt 0:02:30]} 9. Bxe7 {[%emt 0:01:30]} Qxe7 {[%emt 0:01:30]} 10. Nxd5 {[%emt 0:17:30]} Bxd5 {[%emt 0:01:30]} 11. Rc1 {[%emt 0:00:30]} c5 {[%emt 0:23:30]} 12. dxc5 {[%emt 0:19:30]} O-O {[%emt 0:08:30]} 13. cxb6 {[%emt 0:03:30]} Nxb6 {[%emt 0:01:30]} 14. Ba6 {[%emt 0:00:30]} Rfd8 {[%emt 0:00:30]} 15. Qe2 {[%emt 0:05:30]} Na4 {[%emt 0:07:30]} 16. O-O {[%emt 0:05:30]} Bxf3 {[%emt 0:03:30]} 17. gxf3 {[%emt 0:03:30]} Qf6 {[%emt 0:00:30]} 18. b4 {[%emt 0:16:22]} Rd6 {[%emt 0:07:30]} 19. Bb7 {[%emt 0:05:26]} Rad8 {[%emt 0:00:00]} 20. Be4 {[%emt 0:01:11]} Qg5+ {[%emt 0:03:00]} 21. Kh1 {[%emt 0:00:05]} f5 {[%emt 0:00:30]} 22. Bc6 {[%emt 0:00:51]} Nb6 {[%emt 0:01:30]} 23. f4 {[%emt 0:00:59]} Qf6 {[%emt 0:00:30]} 24. Rfd1 {[%emt 0:01:23]} h6 {[%emt 0:01:30]} 25. b5 {[%emt 0:00:36]} e5 {[%emt 0:00:30]} 26. Rxd6 {[%emt 0:00:57]} Rxd6 {[%emt 0:00:30]} 27. fxe5 {[%emt 0:01:10]} Qxe5 {[%emt 0:00:30]} 28. Rd1 {[%emt 0:00:08]} Kh7 {[%emt 0:00:30]} 29. Rxd6 {[%emt 0:00:37]} Qxd6 {[%emt 0:00:00]} 30. Qc2 {[%emt 0:00:09]} Qe5 {[%emt 0:00:00]} 31. Kg2 {[%emt 0:00:35]} g6 {[%emt 0:00:30]} 32. Qb3 {[%emt 0:02:57]} Kg7 {[%emt 0:01:30]} 33. Qb4 {[%emt 0:00:14]} Nd5 {[%emt 0:02:08]} 34. Qc4 {[%emt 0:02:29]} Nb6 {[%emt 0:02:32]} 35. Qb4 {[%emt 0:00:12]} Nd5 {[%emt 0:00:07]} 36. Qc4 {[%emt 0:00:04]} Nb6 {[%emt 0:00:04]} 37. Qd3 {[%emt 0:00:07]} g5 {[%emt 0:00:58]} 38. a4 {[%emt 0:01:59]} Kf6 {[%emt 0:05:29]} 39. a5 {[%emt 0:00:23]} Nc8 {[%emt 0:00:13]} 40. Qd8+ {[%emt 0:00:18]} Ne7 {[%emt 0:30:11]} 41. Qh8+ {[%emt 0:34:06]} Ke6 {[%emt 0:00:04]} 42. Qxh6+ {[%emt 0:02:36]} Kf7 {[%emt 0:00:07]} 43. Qh5+ {[%emt 0:00:22]} Kf8 {[%emt 0:00:00]} 44. Qxg5 1-0

[Event "4th Chessfestival Gredine 2018"]
[Site "Ortisei"]
[Date "2018.06.20"]
[Round "5.13"]
[White "De Vita, Gianni"]
[Black "Vaishali R"]
[Result "1/2-1/2"]
[WhiteElo "2036"]
[BlackElo "2310"]
[Annotator "NA"]
[PlyCount "88"]
[EventDate "2018.06.16"]
[EventType "swiss"]
[EventCountry "ITA"]
[SourceTitle "playchess.com"]
[Source "ChessBase"]
[SourceQuality "1"]
[TimeControl "40/5400+30:1800+30"]

1. e4 {[%emt 0:00:30]} c5 {[%emt 0:01:00]} 2. Nf3 {[%emt 0:01:30]} d6 {[%emt 0:00:30]} 3. d4 {[%emt 0:01:30]} cxd4 {[%emt 0:00:00]} 4. Qxd4 {[%emt 0:00:30]} Nc6 {[%emt 0:01:00]} 5. Bb5 {[%emt 0:00:30]} Bd7 {[%emt 0:01:30]} 6. Bxc6 {[%emt 0:00:30]} Bxc6 {[%emt 0:00:00]} 7. Bg5 {[%emt 0:05:30]} h6 {[%emt 0:04:00]} 8. Bh4 {[%emt 0:00:30]} e5 {[%emt 0:05:30]} 9. Qe3 {[%emt 0:06:30]} Qb6 {[%emt 0:12:30]} 10. Qxb6 {[%emt 0:02:30]} axb6 {[%emt 0:02:30]} 11. Nfd2 {[%emt 0:02:30]} g5 {[%emt 0:02:30]} 12. Bg3 {[%emt 0:00:30]} f5 {[%emt 0:02:30]} 13. f3 {[%emt 0:01:30]} f4 {[%emt 0:00:30]} 14. Bf2 {[%emt 0:00:30]} b5 {[%emt 0:00:30]} 15. c4 {[%emt 0:04:30]} b4 {[%emt 0:04:30]} 16. O-O {[%emt 0:05:30]} Nf6 {[%emt 0:04:30]} 17. Nb3 {[%emt 0:04:30]} g4 {[%emt 0:08:30]} 18. N1d2 {[%emt 0:00:30]} Rg8 {[%emt 0:01:30]} 19. Kh1 {[%emt 0:01:30]} Nh5 {[%emt 0:05:30]} 20. Bb6 {[%emt 0:08:30]} Ra4 {[%emt 0:25:34]} 21. Na5 {[%emt 0:05:30]} Nf6 {[%emt 0:03:55]} 22. b3 {[%emt 0:01:30]} Ra3 {[%emt 0:01:11]} 23. Nb1 {[%emt 0:00:30]} gxf3 {[%emt 0:01:18]} 24. gxf3 {[%emt 0:01:30]} Rxa5 {[%emt 0:00:27]} 25. Bxa5 {[%emt 0:00:00]} Nxe4 {[%emt 0:00:18]} 26. Bxb4 {[%emt 0:01:00]} Be7 {[%emt 0:05:52]} 27. Nd2 {[%emt 0:02:30]} Nxd2 {[%emt 0:01:00]} 28. Bxd2 {[%emt 0:00:30]} e4 {[%emt 0:00:09]} 29. Bxf4 {[%emt 0:06:30]} exf3 {[%emt 0:00:03]} 30. Rf2 {[%emt 0:00:30]} Rg6 {[%emt 0:06:02]} 31. Re1 {[%emt 0:08:30]} Kd7 {[%emt 0:00:25]} 32. Bg3 {[%emt 0:06:30]} h5 {[%emt 0:00:35]} 33. Re3 {[%emt 0:01:48]} h4 {[%emt 0:00:31]} 34. Rxe7+ {[%emt 0:01:12]} Kxe7 {[%emt 0:00:06]} 35. Bxh4+ {[%emt 0:00:02]} Ke6 {[%emt 0:00:28]} 36. Bg3 {[%emt 0:00:37]} Kf5 {[%emt 0:00:26]} 37. Kg1 {[%emt 0:00:29]} Ke4 {[%emt 0:00:42]} 38. Rf1 {[%emt 0:04:08]} Kd3 {[%emt 0:00:55]} 39. Kf2 {[%emt 0:01:41]} Re6 {[%emt 0:00:28]} 40. Rd1+ {[%emt 0:00:18]} Kc2 {[%emt 0:30:16]} 41. Re1 {[%emt 0:03:15]} d5 {[%emt 0:00:00]} 42. cxd5 {[%emt 0:00:30]} Bxd5 {[%emt 0:00:00]} 43. Bd6 {[%emt 0:00:30]} Kb2 {[%emt 0:00:00]} 44. b4 {[%emt 0:00:30]} Kxa2 1/2-1/2

[Event "4th Chessfestival Gredine 2018"]
[Site "Ortisei"]
[Date "2018.06.20"]
[Round "5.14"]
[White "Sarkar, Justin"]
[Black "Riebel, Werner"]
[Result "1-0"]
[WhiteElo "2297"]
[BlackElo "2113"]
[Annotator "NA"]
[PlyCount "61"]
[EventDate "2018.06.16"]
[EventType "swiss"]
[EventCountry "ITA"]
[SourceTitle "playchess.com"]
[Source "ChessBase"]
[SourceQuality "1"]
[TimeControl "40/5400+30:1800+30"]

1. d4 {[%emt 0:00:30]} d5 {[%emt 0:01:00]} 2. c4 {[%emt 0:00:00]} e6 {[%emt 0:00:00]} 3. Nc3 {[%emt 0:01:00]} Nf6 {[%emt 0:00:00]} 4. Bg5 {[%emt 0:00:30]} Be7 {[%emt 0:00:30]} 5. e3 {[%emt 0:00:00]} Nbd7 {[%emt 0:00:00]} 6. Nf3 {[%emt 0:01:00]} O-O {[%emt 0:00:00]} 7. Rc1 {[%emt 0:01:30]} dxc4 {[%emt 0:02:30]} 8. Bxc4 {[%emt 0:00:30]} a6 {[%emt 0:00:00]} 9. a4 {[%emt 0:05:30]} c5 {[%emt 0:02:00]} 10. O-O {[%emt 0:00:30]} h6 {[%emt 0:00:30]} 11. Bh4 {[%emt 0:00:30]} cxd4 {[%emt 0:00:30]} 12. exd4 {[%emt 0:01:30]} Nb6 {[%emt 0:01:30]} 13. Ba2 {[%emt 0:05:30]} Nbd5 {[%emt 0:01:30]} 14. Ne5 {[%emt 0:03:30]} Bd7 {[%emt 0:01:30]} 15. Bxd5 {[%emt 0:17:30]} Nxd5 {[%emt 0:04:30]} 16. Nxd5 {[%emt 0:00:00]} exd5 {[%emt 0:04:30]} 17. Bxe7 {[%emt 0:00:00]} Qxe7 {[%emt 0:00:30]} 18. Rc7 {[%emt 0:00:30]} Rad8 {[%emt 0:00:30]} 19. Rxb7 {[%emt 0:01:30]} Qe8 {[%emt 0:00:30]} 20. Re1 {[%emt 0:08:30]} Be6 {[%emt 0:02:30]} 21. b3 {[%emt 0:34:40]} Rb8 {[%emt 0:03:30]} 22. Rxb8 {[%emt 0:02:16]} Qxb8 {[%emt 0:00:30]} 23. Nd3 {[%emt 0:00:02]} Qb6 {[%emt 0:04:30]} 24. Nc5 {[%emt 0:00:05]} a5 {[%emt 0:02:30]} 25. h4 {[%emt 0:01:11]} Rd8 {[%emt 0:00:30]} 26. Qd2 {[%emt 0:00:20]} Rb8 {[%emt 0:03:30]} 27. Re5 {[%emt 0:00:31]} Qb4 {[%emt 0:01:30]} 28. Qe3 {[%emt 0:03:06]} Qa3 {[%emt 0:06:30]} 29. Kh2 {[%emt 0:00:17]} Qb2 {[%emt 0:05:30]} 30. f4 {[%emt 0:04:53]} g6 {[%emt 0:01:30]} 31. Rxe6 {[%emt 0:03:21]} 1-0

[Event "4th Chessfestival Gredine 2018"]
[Site "Ortisei"]
[Date "2018.06.20"]
[Round "5.15"]
[White "Fischer, Daniel"]
[Black "Seyb, Dieter"]
[Result "0-1"]
[WhiteElo "2263"]
[BlackElo "2179"]
[Annotator "NA"]
[PlyCount "92"]
[EventDate "2018.06.16"]
[EventType "swiss"]
[EventCountry "ITA"]
[SourceTitle "playchess.com"]
[Source "ChessBase"]
[SourceQuality "1"]
[TimeControl "40/5400+30:1800+30"]

1. e4 {[%emt 0:00:30]} g6 {[%emt 0:01:00]} 2. d4 {[%emt 0:00:00]} Bg7 {[%emt 0:00:00]} 3. Nc3 {[%emt 0:00:00]} d5 {[%emt 0:00:00]} 4. exd5 {[%emt 0:12:30]} c6 {[%emt 0:00:30]} 5. Bc4 {[%emt 0:02:30]} cxd5 {[%emt 0:02:30]} 6. Bxd5 {[%emt 0:05:30]} e6 {[%emt 0:00:30]} 7. Bf3 {[%emt 0:01:30]} Qxd4 {[%emt 0:02:30]} 8. Qxd4 {[%emt 0:03:30]} Bxd4 {[%emt 0:00:30]} 9. Nge2 {[%emt 0:00:30]} Be5 {[%emt 0:04:30]} 10. Bf4 {[%emt 0:06:30]} Bxf4 {[%emt 0:09:30]} 11. Nxf4 {[%emt 0:00:00]} Nc6 {[%emt 0:00:30]} 12. Nb5 {[%emt 0:08:00]} Ke7 {[%emt 0:03:30]} 13. O-O-O {[%emt 0:06:30]} Nf6 {[%emt 0:00:30]} 14. Rhe1 {[%emt 0:03:30]} Rd8 {[%emt 0:04:30]} 15. Rxd8 {[%emt 0:03:30]} Nxd8 {[%emt 0:08:30]} 16. Nc7 {[%emt 0:10:30]} Rb8 {[%emt 0:00:30]} 17. Ncd5+ {[%emt 0:07:30]} Nxd5 {[%emt 0:00:30]} 18. Nxd5+ {[%emt 0:00:30]} Kf8 {[%emt 0:01:30]} 19. Nf6 {[%emt 0:00:30]} h5 {[%emt 0:01:30]} 20. c4 {[%emt 0:03:30]} b6 {[%emt 0:08:30]} 21. Kc2 {[%emt 0:02:30]} Ke7 {[%emt 0:01:30]} 22. Nd5+ {[%emt 0:01:30]} Kf8 {[%emt 0:01:30]} 23. Nf6 {[%emt 0:00:30]} Ke7 {[%emt 0:04:30]} 24. Nd5+ {[%emt 0:00:30]} Kf8 {[%emt 0:00:30]} 25. Nc3 {[%emt 0:00:56]} Bb7 {[%emt 0:00:30]} 26. Bxb7 {[%emt 0:00:47]} Rxb7 {[%emt 0:04:30]} 27. Rd1 {[%emt 0:00:49]} Nc6 {[%emt 0:01:30]} 28. a3 {[%emt 0:02:28]} Ne5 {[%emt 0:03:30]} 29. b3 {[%emt 0:00:53]} Ng4 {[%emt 0:00:30]} 30. h3 {[%emt 0:01:43]} Nf6 {[%emt 0:03:30]} 31. Rd8+ {[%emt 0:02:23]} Ke7 {[%emt 0:00:30]} 32. Rd3 {[%emt 0:01:30]} h4 {[%emt 0:02:30]} 33. b4 {[%emt 0:02:16]} g5 {[%emt 0:10:30]} 34. Kb3 {[%emt 0:04:05]} Rd7 {[%emt 0:09:06]} 35. Kc2 {[%emt 0:03:19]} Rxd3 {[%emt 0:02:03]} 36. Kxd3 {[%emt 0:00:04]} Nh5 {[%emt 0:00:05]} 37. Ne2 {[%emt 0:01:15]} e5 {[%emt 0:01:03]} 38. a4 {[%emt 0:01:47]} f5 {[%emt 0:00:19]} 39. Ke3 {[%emt 0:01:22]} Kd6 {[%emt 0:03:07]} 40. Kd3 {[%emt 0:00:59]} Kc6 {[%emt 0:01:47]} 41. Kc3 {[%emt 0:10:54]} a5 {[%emt 0:03:30]} 42. bxa5 {[%emt 0:01:30]} bxa5 {[%emt 0:00:00]} 43. Nc1 {[%emt 0:00:30]} Nf4 {[%emt 0:01:00]} 44. Nb3 {[%emt 0:00:30]} Nxg2 {[%emt 0:01:30]} 45. Nxa5+ {[%emt 0:00:30]} Kc7 {[%emt 0:01:30]} 46. c5 {[%emt 0:01:57]} g4 {[%emt 0:00:30]} 0-1

[Event "4th Chessfestival Gredine 2018"]
[Site "Ortisei"]
[Date "2018.06.20"]
[Round "5.16"]
[White "Chennaoui, Yasin"]
[Black "Thiel, Thomas"]
[Result "1/2-1/2"]
[WhiteElo "2002"]
[BlackElo "2261"]
[Annotator "NA"]
[PlyCount "42"]
[EventDate "2018.06.16"]
[EventType "swiss"]
[EventCountry "ITA"]
[SourceTitle "playchess.com"]
[Source "ChessBase"]
[SourceQuality "1"]
[TimeControl "40/5400+30:1800+30"]

1. c4 {[%emt 0:00:30]} c6 {[%emt 0:01:00]} 2. b3 {[%emt 0:00:30]} d5 {[%emt 0:00:30]} 3. Bb2 {[%emt 0:00:30]} Bf5 {[%emt 0:00:30]} 4. Nf3 {[%emt 0:00:30]} e6 {[%emt 0:00:30]} 5. e3 {[%emt 0:00:30]} Nd7 {[%emt 0:02:30]} 6. Nc3 {[%emt 0:01:30]} Ngf6 {[%emt 0:02:30]} 7. Rc1 {[%emt 0:07:30]} Bd6 {[%emt 0:01:30]} 8. d4 {[%emt 0:00:30]} Qe7 {[%emt 0:00:30]} 9. Bd3 {[%emt 0:01:30]} Bg6 {[%emt 0:00:30]} 10. Bxg6 {[%emt 0:02:30]} hxg6 {[%emt 0:00:00]} 11. h3 {[%emt 0:03:30]} Rd8 {[%emt 0:00:00]} 12. Qe2 {[%emt 0:02:30]} a6 {[%emt 0:05:30]} 13. e4 {[%emt 0:04:30]} dxe4 {[%emt 0:18:30]} 14. Nxe4 {[%emt 0:02:30]} Nxe4 {[%emt 0:00:30]} 15. Qxe4 {[%emt 0:00:30]} Bb4+ {[%emt 0:00:30]} 16. Bc3 {[%emt 0:01:30]} Nf6 {[%emt 0:04:30]} 17. Qe3 {[%emt 0:01:30]} Bxc3+ {[%emt 0:28:30]} 18. Rxc3 {[%emt 0:01:30]} Ng4 {[%emt 0:02:30]} 19. Qd2 {[%emt 0:02:30]} c5 {[%emt 0:01:30]} 20. Rd3 {[%emt 0:05:30]} cxd4 {[%emt 0:00:30]} 21. Rxd4 {[%emt 0:01:30]} Nh6 {[%emt 0:02:30]} 1/2-1/2